000 00262nam a2200109 a 4500
005 20201002034122.0
008 130823s2008 000 spa d
020 _a9789703243884
245 3 _aLa luz y los colores.
260 _aMéxico,
_c2008.
999 _c39902
_d39902
040 _aDO-SdBNP